000
00337cam a2200157ua 4500
003
OSt
008
250802b |||||||| |||| 00| 0 eng d
041
_a
eng
082
_a
625.7
_b
BAT/RO
100
_a
Batson, R.G .
_9
7646
245
_a
Roads /
250
_a
1 /
260
_a
:
_b
Longman ,
_c
1960.
300
_a
224 ; .
942
_c
BK
999
_c
1587
_d
1587